Europa Conference League Gruppenphase 2023/24 - Statistiken

Allgemein
  • Dieses Quiz wurde 28 mal gespielt
  • Das Durchschnittsergebnis liegt bei 7 aus 32
Antwortstatistiken
Gruppe Verein % Korrekt
G Eintracht Frankfurt
63%
E Aston Villa
46%
G HJK Helsinki
46%
G FC Aberdeen
38%
F AC Florenz
33%
E AZ Alkmaar
33%
B KAA Gent
33%
A Lille OSC
33%
D Besiktas JK
29%
D Club Brügge
29%
C Dinamo Zagreb
29%
A Klaksvik Itrottarfelag
29%
G PAOK Saloniki
29%
H Fenerbahce SK
25%
F KRC Genk
25%
E Legia Warschau
25%
A Slovan Bratislava
25%
D FC Lugano
17%
H FC Nordsjaelland
17%
F Ferencvaros Budapest
17%
A Olimpija Ljubljana
17%
C Viktoria Pilsen
17%
F Cukaricki Belgrad
13%
D FK Bodö/Glimt
13%
B Maccabi Tel Aviv
13%
B UMF Breidablik Kopavogur
8%
E Zrinjski Mostar
8%
C FK Astana
4%
C KF Ballkani Suhareka
4%
H Ludogorez Rasgrad
4%
B Sorja Luhansk
4%
H Spartak Trnava
4%
Keine übereinstimmenden Quizze gefunden
Verteilung der Resultate
Anzahl Personen mit jedem Resultat
Perzentil nach korrekt beantworteten Fragen
Ihre Resultats-Entwicklung
Sie haben dieses Quiz noch nicht gespielt